The little book on external debt 2006

Gespeichert in:
Bibliographische Detailangaben
Körperschaft: The World Bank
Format: Buch
Sprache:Undetermined
Veröffentlicht: Washington The World Bank 2006
Schlagworte:
Tags: Tag hinzufügen
Keine Tags, Fügen Sie den ersten Tag hinzu!
Thư viện lưu trữ: Trung tâm Học liệu Trường Đại học Cần Thơ
LEADER 00536nam a2200193Ia 4500
001 CTU_103539
008 210402s9999 xx 000 0 und d
082 |a 336.3435 
082 |b W927/2006 
110 |a The World Bank 
245 4 |a The little book on external debt 2006 
245 4 |c The World Bank 
260 |a Washington 
260 |b The World Bank 
260 |c 2006 
650 |a Finance,International finance 
650 |x Developing countries 
904 |i Năm 
980 |a Trung tâm Học liệu Trường Đại học Cần Thơ